Lecciones de economia politica (Record no. 157901)

MARC details
000 -LEADER
campo de control de longitud fija 00860nam a22002055i 4500
001 - NÚMERO DE CONTROL
campo de control 157901
003 - IDENTIFICADOR DE NÚMERO DE CONTROL
campo de control ES-MaACL
005 - FECHA Y HORA DE LA ÚLTIMA TRANSACCIÓN
campo de control 20250721062638.0
008 - DATOS DE LONGITUD FIJA--INFORMACIÓN GENERAL
campo de control de longitud fija 040818s1862 sp |||| | spa d
040 ## - FUENTE DE CATALOGACIÓN
Centro catalogador/agencia de origen CAM
Lengua de catalogación spa
Centro/agencia transcriptor CAM
080 ## - NÚMERO DE LA CLASIFICACIÓN DECIMAL UNIVERSAL
Número de la Clasificación Decimal Universal 33
100 1# - ENTRADA PRINCIPAL--NOMBRE DE PERSONA
Nombre de persona Lobo, Vicente.
9 (RLIN) 129025
245 10 - MENCIÓN DEL TÍTULO
Título Lecciones de economia politica
Resto del título : escritas para los alumnos de los institutos con arreglo al programa formado para su esplicacion [sic] /
Mención de responsabilidad, etc. por Vicente Lobo.
260 ## - PUBLICACIÓN, DISTRIBUCIÓN, ETC.
Lugar de publicación, distribución, etc. Vergara :
Nombre del editor, distribuidor, etc. [s.n.],
Fecha de publicación, distribución, etc. [1862] (
Fabricante Imp. y lib. de Manuel Imaz)
300 ## - DESCRIPCIÓN FÍSICA
Extensión 215 p. ;
Dimensiones 22 cm.
596 ## - NOTA AL PIE DE IMPRENTA
NOTA AL PIE DE IMPRENTA La fecha tomada del pie de imp. de la port., 1862.
650 07 - PUNTO DE ACCESO ADICIONAL DE MATERIA--TÉRMINO DE MATERIA
Término de materia o nombre geográfico como elemento de entrada Economía
Fuente del encabezamiento o término embne
9 (RLIN) 12006
852 ## - LOCALIZACIÓN
Ubicación ES-MaACL
Número de control de estantería T-1282-F-2
Nota libre -- Enc. hol. conservando la cub. original
-- -- Enc. en un vol. facticio
-- Dedicatoria a Laureano Fieguerola del autor manuscrita
Holdings
Estatus retirado Estado de pérdida Estado de daño No para préstamo Colección Biblioteca de origen Biblioteca actual Ubicación en estantería Fecha de adquisición Total de préstamos Signatura topográfica completa Código de barras Visto por última vez Precio de reemplazo Tipo de ítem Koha
        Colección de folletos Biblioteca del Ateneo de Madrid Biblioteca del Ateneo de Madrid Depósito folletos 17/01/2008   T-1282-F-2 1165253 23/02/2023 23/02/2023 Folleto